| 000 -LEADER |
| fixed length control field |
02267 a2200241 4500 |
| 003 - CONTROL NUMBER IDENTIFIER |
| control field |
OSt |
| 005 - DATE AND TIME OF LATEST TRANSACTION |
| control field |
20180116182800.0 |
| 008 - FIXED-LENGTH DATA ELEMENTS--GENERAL INFORMATION |
| fixed length control field |
170804b xxu||||| |||| 00| 0 eng d |
| 020 ## - INTERNATIONAL STANDARD BOOK NUMBER |
| International Standard Book Number |
0745324193 |
| 020 ## - INTERNATIONAL STANDARD BOOK NUMBER |
| International Standard Book Number |
9780745324197 |
| 040 ## - CATALOGING SOURCE |
| Transcribing agency |
0 |
| 082 04 - DEWEY DECIMAL CLASSIFICATION NUMBER |
| Classification number |
327.7301767 PIN 2006 |
| 100 1# - MAIN ENTRY--PERSONAL NAME |
| Personal name |
Lawrence Pintak, |
| 245 10 - TITLE STATEMENT |
| Title |
Reflections in a Bloodshot lens |
| Remainder of title |
America, Islam, and the War of Ideas |
| Statement of responsibility, etc. |
Lawrence Pintak. |
| 260 ## - PUBLICATION, DISTRIBUTION, ETC. |
| Place of publication, distribution, etc. |
[S.l.] : |
| Name of publisher, distributor, etc. |
Pluto Press, |
| Date of publication, distribution, etc. |
2006. |
| 300 ## - PHYSICAL DESCRIPTION |
| Extent |
374 p. ; |
| Dimensions |
22 cm. |
| Other physical details |
pb. |
| 440 ## - SERIES STATEMENT/ADDED ENTRY--TITLE |
| Title |
Reflections in a Bloodshot lens |
| 500 ## - GENERAL NOTE |
| General note |
Paperback. |
| 520 ## - SUMMARY, ETC. |
| Summary, etc. |
There exists today a tragic rift between Americans and the world's Muslims. Each views the other with suspicion and anger. Yet in the immediate aftermath of 9/11, there was widespread sympathy for the U.S. in the great arc of Muslim nations from West Africa to Southeast Asia. This book explores what happened. It examines the disconnect that leads Americans and Muslims around the world to view the same words and images in fundamentally different ways. Partly a result of a centuries-old 'us' against 'them' dichotomy and an essential difference in worldview, the problem is exacerbated by an increasingly polarised media and by leaders on both sides who either don't understand or don't care what impact their words and policies have in the world at large. Journalist-scholar Lawrence Pintak, a former CBS News Middle East correspondent, argues that the Arab media revolution and the rise of "patriot-journalists" in the US marginalized voices of moderation, distorting perceptions on both sides of the divide with potentially disastrous results. Built on the author's extensive journalistic experience, the book is carefully grounded in contemporary academic scholarship -- including Orientalism, othering, worldview, media effects theory and framing theory, amongst others -- giving it broad appeal to policymakers, students of such fields as media studies, Middle East studies and Islamic studies, and general current affairs readers. |
| 856 40 - ELECTRONIC LOCATION AND ACCESS |
| Materials specified |
Amazon.com |
| Uniform Resource Identifier |
<a href="http://www.amazon.com/exec/obidos/ASIN/0745324193/chopaconline-20">http://www.amazon.com/exec/obidos/ASIN/0745324193/chopaconline-20</a> |
| 856 40 - ELECTRONIC LOCATION AND ACCESS |
| Materials specified |
Amazon customer reviews |
| Uniform Resource Identifier |
<a href="http://www.chopac.org/cgi-bin/tools/azrev.pl?q=0745324193">http://www.chopac.org/cgi-bin/tools/azrev.pl?q=0745324193</a> |
| 942 ## - ADDED ENTRY ELEMENTS (KOHA) |
| Institution code [OBSOLETE] |
NBS |
| Koha item type |
Book |
| Call number prefix |
327.7301767 PIN 2006 |
| Source of classification or shelving scheme |
|